00000000nas 2200000zi 4500
0019.950437
003CaOODSP
00520250703135009
006m     o  d f      
007cr cn ||||||||
008250424c20199999onchr p o s  f0###a0eng|d
020 |z9780660410258
022 |a2819-2435
040 |aCaOODSP|beng|erda|cCaOODSP
043 |an-cn---
0861 |aHP37-55E-PDF|zHP2-4/2019E-5-PDF
222 0|aPigs |b(Canadian Integrated Program for Antimicrobial Resistance Surveillance)
24500|aPigs / |cCIPARS, Canadian Integrated Program for Antimicrobial Resistance Surveillance.
24613|aCanadian Integrated Program for Antimicrobial Resistance Surveillance (CIPARS) ..., pigs
264 1|a[Ottawa] : |bPublic Health Agency of Canada, |c2022-
310 |aTriennial
336 |atext|btxt|2rdacontent
337 |acomputer|bc|2rdamedia
338 |aonline resource|bcr|2rdacarrier
3621 |aBegan with: 2019.
500 |aIssued also in French under title: Porcs.
588 |aDescription based on: 2019; title from PDF cover page.
588 |aLatest issue consulted: 2022.
650 0|aSwine|xDiseases|zCanada|xPrevention|vStatistics|vPeriodicals.
650 0|aAnti-infective agents in veterinary medicine|zCanada|vStatistics|vPeriodicals.
650 0|aDrug resistance in microorganisms|zCanada|vStatistics|vPeriodicals.
655 7|aPeriodicals|2lcgft
655 7|aStatistics|2lcgft
7102 |aCanadian Integrated Program for Antimicrobial Resistance Surveillance, |eissuing body.
7102 |aPublic Health Agency of Canada, |eissuing body.
77508|tPorcs / |w(CaOODSP)9.950439